000
00347nam a2200133Ia 4500
008
231129s1996||||xx |||||||||||||| ||spa||
020
_a
84-481-0654-7
040
_b
spa
082
_a
005.369 M619m
245
0
_a
Microsoft Works para Windows 95
260
_c
1996
264
_a
McGraw-Hill
942
_2
ddc
_c
BKS
999
_c
21187
_d
21187